000 00552cam a22002291 4500
001 9765835
005 20180216034509.0
008 750320s1949 xx 000 0 eng
010 _a 49048313
035 _a(OCoLC)1226112
040 _aDLC
_cGAT
_dDLC
041 _aeng
042 _apremarc
080 _a530.711 sev
082 _a530.711 sev
100 1 _a42
101 _afis
245 0 0 _aHow to study physics.
504 _aBibliographical footnotes.
906 _a7
_bcbc
_coclcrpl
_du
_encip
_f19
_gy-gencatlg
942 _2ddc
_cBK
999 _c42739
_d42739